Wrestling Observer 5 Star Matches: NJPW 2010's - Statistics

General Stats
  • This quiz has been taken 107 times
  • The average score is 85 of 102
Answer Stats
Year Event Wrestler % Correct
2016: 3 G1 Climax Kenny Omega
100%
2017: 1 Wrestle Kingdom 11 Kenny Omega
100%
2017: 5 Dominion Kenny Omega
100%
2017: 7 G1 Climax Kenny Omega
100%
2017: 8 G1 Climax Kenny Omega
100%
2018: 1 Wrestle Kingdom 12 Kenny Omega
100%
2018: 2 Strong Style Evolved Kenny Omega
100%
2018: 6 Dominion Kenny Omega
100%
2018: 7 G1 Climax Kenny Omega
100%
2018: 8 G1 Climax Kenny Omega
100%
2018: 10 G1 Climax Kenny Omega
100%
2018: 12 G1 Climax Kenny Omega
100%
2018: 15 Fighting Spirit Unleashed Kenny Omega
100%
2018: 16 Road to Tokyo Dome Kenny Omega
100%
2019: 1 Wrestle Kingdom 13 Kenny Omega
100%
2017: 4 BOSJ Will Ospreay
100%
2018: 3 Sakura Genesis Will Ospreay
100%
2018: 16 Road to Tokyo Dome Will Ospreay
100%
2019: 3 BOSJ Will Ospreay
100%
2019: 4 BOSJ Will Ospreay
100%
2019: 5 Dominion Will Ospreay
100%
2019: 6 G1 Climax Will Ospreay
100%
2019: 8 G1 Climax Will Ospreay
100%
2012 King of Pro Wrestling Hiroshi Tanahashi
96%
2013: 1 Invasion Attack Hiroshi Tanahashi
96%
2013: 3 King of Pro Wrestling Hiroshi Tanahashi
96%
2014 Destruction in Kobe Hiroshi Tanahashi
96%
2015: 3 G1 Climax Hiroshi Tanahashi
96%
2016: 1 Wrestle Kingdom 10 Hiroshi Tanahashi
96%
2017: 6 G1 Climax Hiroshi Tanahashi
96%
2018: 4 Wrestling Dontaku Hiroshi Tanahashi
96%
2018: 11 G1 Climax Hiroshi Tanahashi
96%
2018: 13 G1 Climax Hiroshi Tanahashi
96%
2018: 14 Destruction in Kobe Hiroshi Tanahashi
96%
2018: 16 Road to Tokyo Dome Hiroshi Tanahashi
96%
2019: 1 Wrestle Kingdom 13 Hiroshi Tanahashi
96%
2013: 1 Invasion Attack Kazuchika Okada
96%
2013: 3 King of Pro Wrestling Kazuchika Okada
96%
2016: 1 Wrestle Kingdom 10 Kazuchika Okada
96%
2016: 2 G1 Climax Kazuchika Okada
96%
2017: 1 Wrestle Kingdom 11 Kazuchika Okada
96%
2017: 3 Sakura Genesis Kazuchika Okada
96%
2017: 5 Dominion Kazuchika Okada
96%
2017: 7 G1 Climax Kazuchika Okada
96%
2018: 4 Wrestling Dontaku Kazuchika Okada
96%
2018: 6 Dominion Kazuchika Okada
96%
2018: 11 G1 Climax Kazuchika Okada
96%
2018: 14 Destruction in Kobe Kazuchika Okada
96%
2018: 15 Fighting Spirit Unleashed Kazuchika Okada
96%
2019: 2 New Japan Cup Kazuchika Okada
96%
2019: 8 G1 Climax Kazuchika Okada
96%
2019: 9 G1 Climax Kazuchika Okada
96%
2019: 12 G1 Climax Kazuchika Okada
96%
2015: 1 Wrestle Kingdom 9 Kota Ibushi
87%
2018: 2 Strong Style Evolved Kota Ibushi
87%
2018: 12 G1 Climax Kota Ibushi
87%
2018: 13 G1 Climax Kota Ibushi
87%
2018: 15 Fighting Spirit Unleashed Kota Ibushi
87%
2018: 16 Road to Tokyo Dome Kota Ibushi
87%
2019: 6 G1 Climax Kota Ibushi
87%
2019: 12 G1 Climax Kota Ibushi
87%
2019: 13 G1 Climax Kota Ibushi
87%
2015: 1 Wrestle Kingdom 9 Shinsuke Nakamura
87%
2015: 3 G1 Climax Shinsuke Nakamura
87%
2016: 3 G1 Climax Tetsuya Naito
81%
2017: 2 New Beginning Tetsuya Naito
81%
2017: 6 G1 Climax Tetsuya Naito
81%
2017: 8 G1 Climax Tetsuya Naito
81%
2018: 7 G1 Climax Tetsuya Naito
81%
2019: 10 G1 Climax Tetsuya Naito
81%
2013: 2 G1 Climax Tomohiro Ishii
79%
2015: 2 New Beginning Tomohiro Ishii
79%
2016: 2 G1 Climax Tomohiro Ishii
79%
2018: 9 G1 Climax Tomohiro Ishii
79%
2018: 10 G1 Climax Tomohiro Ishii
79%
2018: 15 Fighting Spirit Unleashed Tomohiro Ishii
79%
2019: 7 G1 Climax Tomohiro Ishii
79%
2019: 11 G1 Climax Tomohiro Ishii
79%
2018: 2 Strong Style Evolved Matt Jackson
74%
2018: 2 Strong Style Evolved Nick Jackson
74%
2019: 13 G1 Climax Jay White
72%
2019: 4 BOSJ Shingo Takagi
72%
2019: 10 G1 Climax Shingo Takagi
72%
2019: 11 G1 Climax Shingo Takagi
72%
2018: 8 G1 Climax Hirooki Goto
68%
2018: 9 G1 Climax Hirooki Goto
68%
2018: 5 BOSJ Hiromu Takahashi
66%
2019: 2 New Japan Cup Sanada
66%
2019: 9 G1 Climax Sanada
66%
2018: 1 Wrestle Kingdom 12 Chris Jericho
64%
2012 King of Pro Wrestling Minoru Suzuki
64%
2019: 7 G1 Climax Jon Moxley
51%
2013: 2 G1 Climax Katsuyori Shibata
47%
2014 Destruction in Kobe Katsuyori Shibata
47%
2017: 3 Sakura Genesis Katsuyori Shibata
47%
2018: 5 BOSJ Taiji Ishimori
45%
2017: 4 BOSJ Kushida
42%
2019: 5 Dominion Dragon Lee
28%
2017: 2 New Beginning Michael Elgin
23%
2018: 3 Sakura Genesis Marty Scurll
17%
2015: 2 New Beginning Tomoaki Honma
13%
2019: 3 BOSJ Bandido
11%
No matching quizzes found
Score Distribution
Percent of People with Each Score
Percentile by Number Answered
Your Score History
You have not taken this quiz